000
00296nam a2200121 a 4500
008
100917s1983|||| d
100
1
_a
Delibes, Miguel
245
1
0
_a
Môj synáčik Sisí
260
_b
Slovenský spisovateľ
_a
Bratislava
_c
1983
020
_c
27
044
_a
xo
_c
SK
041
_a
slo
999
_c
10447
_d
10447